| 000 | 00738nam a2200205Ia 4500 | ||
|---|---|---|---|
| 005 | 20251020182525.0 | ||
| 008 | 200515s9999 xx 000 0 und d | ||
| 082 | _a691.328V/P32/1994 | ||
| 100 | _aPAYA PEINADO, MIGUEL | ||
| 245 | 0 | _aHormigón vibrado y hormigones especiales | |
| 250 | _a18a ed. | ||
| 260 | _aBarcelona | ||
| 260 | _c1994 | ||
| 500 | _a1 ejemplar | ||
| 520 | _aPresenta una breve descripción del hormigón en general, estudiándose sus componentes, dosificaciones y resistencias. Seguidamente estudia la vibración con sus diferentes formas, clases, cualidades y aplicaciones. También describe un gran número de hormigo | ||
| 650 | _aCONCRETO | ||
| 650 | _aCONCRETO VIBRADO | ||
| 650 | _aLIB | ||
| 942 | _cLIB | ||
| 999 |
_c1873 _d1873 |
||